000 05795nam a22007215i 4500
001 978-3-319-56138-7
003 DE-He213
005 20210118142828.0
007 cr nn 008mamaa
008 170505s2017 gw | s |||| 0|eng d
020 _a9783319561387
_9978-3-319-56138-7
024 7 _a10.1007/978-3-319-56138-7
_2doi
050 4 _aQC350-467
050 4 _aQC630-648
072 7 _aPHJ
_2bicssc
072 7 _aSCI021000
_2bisacsh
072 7 _aPHJ
_2thema
072 7 _aPHK
_2thema
082 0 4 _a535.2
_223
082 0 4 _a537.6
_223
100 1 _aOhtsubo, Junji.
_eauthor.
_4aut
_4http://id.loc.gov/vocabulary/relators/aut
245 1 0 _aSemiconductor Lasers
_h[electronic resource] :
_bStability, Instability and Chaos /
_cby Junji Ohtsubo.
250 _a4th ed. 2017.
264 1 _aCham :
_bSpringer International Publishing :
_bImprint: Springer,
_c2017.
300 _aXXV, 666 p. 331 illus., 97 illus. in color.
_bonline resource.
336 _atext
_btxt
_2rdacontent
337 _acomputer
_bc
_2rdamedia
338 _aonline resource
_bcr
_2rdacarrier
347 _atext file
_bPDF
_2rda
490 1 _aSpringer Series in Optical Sciences,
_x0342-4111 ;
_v111
505 0 _aIntroduction -- Chaos in Laser Systems -- Semiconductor Lasers and Theory -- Theory of Optical Feedback in Semiconductor Lasers -- Dynamics of Semiconductor Lasers with Optical Feedback -- Dynamics in Semiconductor Lasers with Optical Injection -- Dynamics of Semiconductor Lasers with Optoelectronic Feedback and Modulation -- Instability and Chaos in Various Laser Structures -- Chaos Control and Applications -- Stabilization of Semiconductor Lasers -- Metrology Based on Chaotic Semiconductor Lasers -- Chaos Synchronization in Semiconductor Lasers -- Chaotic Communications in Semiconductor Lasers -- Coupled Semiconductor Laser Networks and Synchronization -- Physical Random Number Generations and Photonic Integrated Circuits for Chaotic Generators.
520 _aThis book describes the fascinating recent advances made concerning the chaos, stability and instability of semiconductor lasers, and discusses their applications and future prospects in detail. It emphasizes the dynamics in semiconductor lasers by optical and electronic feedback, optical injection, and injection current modulation. Applications of semiconductor laser chaos, control and noise, and semiconductor lasers are also demonstrated. Semiconductor lasers with new structures, such as vertical-cavity surface-emitting lasers and broad-area semiconductor lasers, are intriguing and promising devices. Current topics include fast physical number generation using chaotic semiconductor lasers for secure communication, development of chaos, quantum-dot semiconductor lasers and quantum-cascade semiconductor lasers, and vertical-cavity surface-emitting lasers. This fourth edition has been significantly expanded to reflect the latest developments. The fundamental theory of laser chaos and the chaotic dynamics in semiconductor lasers are discussed, but also for example the method of self-mixing interferometry in quantum-cascade lasers, which is indispensable in practical applications. Further, this edition covers chaos synchronization between two lasers and the application to secure optical communications. Another new topic is the consistency and synchronization property of many coupled semiconductor lasers in connection with the analogy of the dynamics between synaptic neurons and chaotic semiconductor lasers, which are compatible nonlinear dynamic elements. In particular, zero-lag synchronization between distant neurons plays a crucial role for information processing in the brain. Lastly, the book presents an application of the consistency and synchronization property in chaotic semiconductor lasers, namely a type of neuro-inspired information processing referred to as reservoir computing.
650 0 _aOptics.
650 0 _aElectrodynamics.
650 0 _aSemiconductors.
650 0 _aMicrowaves.
650 0 _aOptical engineering.
650 0 _aAtoms.
650 0 _aPhysics.
650 0 _aLasers.
650 0 _aPhotonics.
650 1 4 _aClassical Electrodynamics.
_0http://scigraph.springernature.com/things/product-market-codes/P21070
650 2 4 _aSemiconductors.
_0http://scigraph.springernature.com/things/product-market-codes/P25150
650 2 4 _aMicrowaves, RF and Optical Engineering.
_0http://scigraph.springernature.com/things/product-market-codes/T24019
650 2 4 _aAtoms and Molecules in Strong Fields, Laser Matter Interaction.
_0http://scigraph.springernature.com/things/product-market-codes/P24025
650 2 4 _aOptics, Lasers, Photonics, Optical Devices.
_0http://scigraph.springernature.com/things/product-market-codes/P31030
710 2 _aSpringerLink (Online service)
773 0 _tSpringer eBooks
776 0 8 _iPrinted edition:
_z9783319561370
776 0 8 _iPrinted edition:
_z9783319561394
776 0 8 _iPrinted edition:
_z9783319858364
830 0 _aSpringer Series in Optical Sciences,
_x0342-4111 ;
_v111
856 4 0 _uhttps://doi.org/10.1007/978-3-319-56138-7
912 _aZDB-2-PHA
999 _c450869
_d450869
942 _cEB
506 _aAvailable to subscribing member institutions only. Доступно лише організаціям членам підписки.
506 _fOnline access from local network of NaUOA.
506 _fOnline access with authorization at https://link.springer.com/
506 _fОнлайн-доступ з локальної мережі НаУОА.
506 _fОнлайн доступ з авторизацією на https://link.springer.com/